call of duty zombies mob of the dead - Statistics

General Stats
  • This quiz has been taken 78 times
  • The average score is 7 of 11
Answer Stats
Hint Answer % Correct
new perk electric cherry
87%
character weasel
84%
boss brutus
79%
character sal
75%
character finn
64%
character billy
61%
trap acid
60%
lets you travel from jail to outside gondola
55%
what you have to build for pack a punch airplane
36%
trap fan
30%
trap tower
21%
No matching quizzes found
Score Distribution
Percent of People with Each Score
Percentile by Number Answered
Your Score History
You have not taken this quiz